| 000 | 00578nam a22002057a 4500 | ||
|---|---|---|---|
| 001 | BD-DhSAU 3964 | ||
| 003 | BD-DhSAU | ||
| 005 | 20150211092552.0 | ||
| 008 | 150211b1994 ii a|||| |||| 001 0 eng d | ||
| 020 | _a8120409116 | ||
| 040 | _aBD-DhSAU | ||
| 082 |
_222 _a658.401 _bSAE |
||
| 100 | _aSandhu, Anoop Singh | ||
| 245 |
_aExtention programme planning / _cAnoop Singh Sandhu |
||
| 260 |
_aNew delhi : _bOxford publishers , _cc1994. |
||
| 300 |
_aix, 157 p.: _bill. ; _c21 cm. |
||
| 504 | _aIncludes bibliography and index | ||
| 590 | _aIMRAN | ||
| 650 | _aExtention programme | ||
| 942 |
_2ddc _cBOOK |
||
| 999 |
_c3964 _d3964 |
||